IFM Opac

The civil service in commonwealth Africa. (Record no. 15588)

MARC details
000 -LEADER
fixed length control field 00332nam a22001337a 4500
020 ## - INTERNATIONAL STANDARD BOOK NUMBER
International Standard Book Number 0043510264
082 ## - DEWEY DECIMAL CLASSIFICATION NUMBER
Classification number 350.6096ADU.
100 ## - MAIN ENTRY--PERSONAL NAME
Personal name Adu A.L
245 ## - TITLE STATEMENT
Title The civil service in commonwealth Africa.
260 ## - PUBLICATION, DISTRIBUTION, ETC.
Place of publication, distribution, etc. London.
Name of publisher, distributor, etc. George Allenand Unwin Ltd.
Date of publication, distribution, etc. 1970.
300 ## - PHYSICAL DESCRIPTION
Extent 253p.
Other physical details 21cm.
500 ## - GENERAL NOTE
General note Includes index.
942 ## - ADDED ENTRY ELEMENTS (KOHA)
Koha item type Books
Holdings
Withdrawn status Lost status Damaged status Not for loan Home library Current library Shelving location Date acquired Total Checkouts Full call number Barcode Date last seen Price effective from Koha item type
Withdrawn       IFM Main Campus Library IFM Main Campus Library Archival Collection 03/11/2016   350.6096ADU. 0000010770 03/11/2016 02/19/2022 Books